Пластилиновые картинки (Запись № 4685259)

Подробности
000 -МАРКЕР
контрольное поле 01026nam0a2200289 4500
001 - ИДЕНТИФИКАТОР ЗАПИСИ
контрольное поле RU\NLR\bibl\2075367
005 - ИДЕНТИФИКАТОР ВЕРСИИ
контрольное поле 20250616222903.0
010 ## - МЕЖДУНАРОДНЫЙ СТАНДАРТНЫЙ НОМЕР КНИГИ (ISBN)
Номер (ISBN) 978-5-86775-184-5
Тираж 25000
021 ## - НОМЕР ГОСУДАРСТВЕННОЙ РЕГИСТРАЦИИ
Код страны Российская Федерация
Номер 2013-66392
Номер Листа государственной регистраци 4545
035 ## - ДРУГИЕ СИСТЕМНЫЕ НОМЕРА
Идентификатор записи (RuMoRGB)008812387
035 ## - ДРУГИЕ СИСТЕМНЫЕ НОМЕРА
Идентификатор записи (NLR Aleph) 002061271
100 ## - ДАННЫЕ ОБЩЕЙ ОБРАБОТКИ
Данные общей обработки 20130925d2013 |||y0rusy50 ca
101 0# - ЯЗЫК РЕСУРСА
Язык текста, звукозаписи и т.д. русский
102 ## - СТРАНА ПУБЛИКАЦИИ ИЛИ ПРОИЗВОДСТВА
Страна публикации Российская Федерация
105 ## - ПОЛЕ КОДИРОВАННЫХ ДАННЫХ: ТЕКСТОВЫЕ МАТЕРИАЛЫ, МОНОГРАФИЧЕСКИЕ
Кодированные данные о монографическом текстовом документе a |||||||||
200 1# - ЗАГЛАВИЕ И СВЕДЕНИЯ ОБ ОТВЕТСТВЕННОСТИ
Основное заглавие Пластилиновые картинки
Сведения, относящиеся к заглавию для занятий с детьми от 2 до 3 лет
-- [пособие
Первые сведения об ответственности Е. Янушко
Последующие сведения об ответственности стихи: А. Андреева]
210 ## - ПУБЛИКАЦИЯ, РАСПРОСТРАНЕНИЕ И ДР.
Место издания, распространения и т.д. Москва
Имя издателя, распространителя и т. д. Мозаика-Синтез
Дата издания, распространения и т.д. 2013
215 ## - ФИЗИЧЕСКАЯ ХАРАКТЕРИСТИКА
Размеры 29
225 1# - СЕРИЯ
Основное заглавие серии Школа семи гномов
Сведения, относящиеся к заглавию Третий год
700 #1 - ИМЯ ЛИЦА - ПЕРВИЧНАЯ ОТВЕТСТВЕННОСТЬ
Начальный элемент ввода Янушко
Часть имени, кроме начального элемента ввода Е
Код отношения Автор
801 #0 - ИСТОЧНИК ЗАПИСИ
Страна Российская Федерация
Организация NLR
Дата составления 20130925
Правила каталогизации RCR
801 #1 - ИСТОЧНИК ЗАПИСИ
Страна Российская Федерация
Организация NLR
Дата составления 20130925
942 ## - ДОПОЛНИТЕЛЬНЫЕ ЭЛЕМЕНТЫ ЗАПИСИ (АБИС)
Тип экземпляра АБИС Книга
980 ## - КОЛЛЕКЦИЯ
Название коллекции Национальная библиография
Экземпляры
Тип экземпляра Дата поступления Источник поступления Библиотека постоянного хранения Библиотека текущего хранения Место хранения Шифр хранения Штрих-код Статус экземпляра Стоимость Нумерация / хронология для периодики
Книга 25.09.2013 Обязательный экземпляр РНБ (Московский) РНБ (Московский) Фонд изданий групповой обработки ФГО 3960274      
Книга 25.09.2013 Обязательный экземпляр РНБ (Московский) РНБ (Московский) Обменный фонд   3960276      
Книга 16.03.2015 Обязательный экземпляр РНБ (Московский) РНБ (Московский) Обменный фонд   1-892378      
Книга 16.03.2015 Обязательный экземпляр РНБ (Московский) РНБ (Московский) Обменный фонд   1-892379      
Книга 10.11.2015 Обязательный экземпляр РНБ (Московский) РНБ (Московский) Обменный фонд   1-1197551   0.00  
Книга 10.11.2015 Обязательный экземпляр РНБ (Московский) РНБ (Московский) Обменный фонд   1-1197550   0.00  
Книга 17.06.2016 Обязательный экземпляр РНБ (Московский) РНБ (Московский) Обменный фонд   1-1306437   0.00  
Книга 17.06.2016 Обязательный экземпляр РНБ (Московский) РНБ (Московский) Обменный фонд   1-1306438   0.00  
Книга 03.04.2017 Обязательный экземпляр РНБ (Московский) РНБ (Московский) Обменный фонд   1-1797720   0.00 2017
Книга 03.04.2017 Обязательный экземпляр РНБ (Московский) РНБ (Московский) Обменный фонд   1-1797719   0.00 2017